Combustion Engine Processes/ (Record no. 11986)
[ view plain ]
| 000 -LEADER | |
|---|---|
| fixed length control field | 00972cam a22002651 4500 |
| 001 - CONTROL NUMBER | |
| control field | 3116794 |
| 005 - DATE AND TIME OF LATEST TRANSACTION | |
| control field | 19860807000000.0 |
| 008 - FIXED-LENGTH DATA ELEMENTS--GENERAL INFORMATION | |
| fixed length control field | 780509s1967 nyua b 001 0 eng |
| 010 ## - LIBRARY OF CONGRESS CONTROL NUMBER | |
| LC control number | 67010876 |
| 040 ## - CATALOGING SOURCE | |
| Original cataloging agency | DLC |
| Transcribing agency | IEN |
| Modifying agency | DLC |
| 050 00 - LIBRARY OF CONGRESS CALL NUMBER | |
| Classification number | TJ755 |
| Item number | .L5 1967 |
| 082 00 - DEWEY DECIMAL CLASSIFICATION NUMBER | |
| Classification number | 621.43 |
| Edition number | 22 |
| Item number | LIC |
| 100 1# - MAIN ENTRY--PERSONAL NAME | |
| Personal name | Lichty, Lester Clyde, |
| Dates associated with a name | 1891-1972. |
| 9 (RLIN) | 6765 |
| 245 10 - TITLE STATEMENT | |
| Title | Combustion Engine Processes/ |
| Statement of responsibility, etc | Lester C. Lichty. |
| 260 ## - PUBLICATION, DISTRIBUTION, ETC. (IMPRINT) | |
| Place of publication, distribution, etc | New York, |
| Name of publisher, distributor, etc | McGraw-Hill |
| Date of publication, distribution, etc | [1967] |
| 300 ## - PHYSICAL DESCRIPTION | |
| Extent | ix, 654 p. : |
| Other physical details | ill. ; |
| Dimensions | 23 cm. |
| 490 0# - Series Statement | |
| Series statement | McGraw-Hill series in mechanical engineering |
| 500 ## - GENERAL NOTE | |
| General note | Part of illustrative matter in pocket. |
| 500 ## - GENERAL NOTE | |
| General note | Formerly published under title: Internal-combustion engines. |
| 504 ## - BIBLIOGRAPHY, ETC. NOTE | |
| Bibliography, etc | Bibliographical footnotes. |
| 650 #0 - SUBJECT ADDED ENTRY--TOPICAL TERM | |
| Topical term or geographic name as entry element | Internal combustion engines. |
| 9 (RLIN) | 6766 |
| 942 ## - ADDED ENTRY ELEMENTS (KOHA) | |
| Source of classification or shelving scheme | Dewey Decimal Classification |
| Item type | Book - Borrowing |
| Withdrawn status | Item status | Source of classification or shelving scheme | Damaged status | Not for loan | Vendor | Home library | Current library | Shelving location | Date acquired | Source of acquisition | Cost, normal purchase price | Total Checkouts | Full call number | Barcode | Date last seen | Koha item type |
|---|---|---|---|---|---|---|---|---|---|---|---|---|---|---|---|---|
| Dewey Decimal Classification | Alef-Baa | Central Library | Central Library | First floor | 23/06/2009 | 150.00 | 621.43 LIC | 000017026 | 15/07/2025 | Book - Borrowing |